Gemmologia i talla / professora: Sònia Serrano Sònia Serrano
Publicado:
Barcelona :
Diputació de Barcelona. Àrea d'Educació. Gerència de serveis d'Educació, [2009]
Descripción Física:
[58] p. ; 29 cm
Materias:
Gemmes
MARC
| LEADER | 00000nam a2200000Ia 4500 | ||
|---|---|---|---|
| 001 | 22390 | ||
| 008 | 160829s9999 xx 000 0 cat d | ||
| 080 | |a E-1-373 | ||
| 100 | |a Serrano, Sònia |9 44796 | ||
| 245 | |a Gemmologia i talla / professora: |b Sònia Serrano | ||
| 260 | |a Barcelona : |b Diputació de Barcelona. Àrea d'Educació. Gerència de serveis d'Educació, [2009] | ||
| 300 | |a [58] p. ; |c 29 cm | ||
| 590 | |a Bibliografia. | ||
| 590 | |a Centre de Formació d'Adults Can Batlló | ||
| 650 | |a Gemmes |9 44797 | ||
| 710 | |a Barcelona (Catalunya : Província). |b Gerència de Serveis d'Educació |9 52167 | ||
| 710 | 2 | |a Centre de Formació d'Adults Can Batlló |9 55011 | |
| 866 | |a Curs: 2009 - 2010 | ||
| 901 | |a Arxiu | ||
| 942 | |n 1 | ||
| 952 | |0 0 |1 0 |4 0 |6 E1373 |7 1 |9 52174 |a Arxiu |b Arxiu |d 2016-12-01 |l 0 |o E-1-373 |p 22390 |r 2016-12-01 00:00:00 |w 2016-12-01 |y ARXIU | ||
| 999 | |c 56022 |d 56022 | ||